| 000 | 00671nmm a22001937a 4500 | ||
|---|---|---|---|
| 005 | 20170208163945.0 | ||
| 008 | 170208b xxu||||| |||| 00| 0 spa d | ||
| 020 | _a9962614112 | ||
| 040 |
_aCo-BoIAvH _cCo-BoIAvH |
||
| 041 | _aspa | ||
| 090 |
_aMM- _b00382 |
||
| 110 | 1 | _aInstituto Smithsonian de Investigaciones Tropicales STRI | |
| 245 | 1 | 0 | _aPeces Costeros del pacífico Oriental Tropical |
| 256 | _aArchivo Ejecutable | ||
| 260 |
_aPanamá: _bInstituto Smithsonian de Investigaciones Tropicales STRI _c2006. |
||
| 300 |
_a1 CD-Rom _bArchivo ejecutable |
||
| 505 | _asistemática -- zoogeografía -- biología -- ecología de la fauna | ||
| 942 |
_2z _cCD-ROM |
||
| 999 |
_c19316 _d19316 |
||